000 00789cab a2200241 4500
001 WB3521-27
008 090401t1999 xxu||||| |||| 00| 0 eng d
035 _a(Sirsi) u93694
041 _aeng
245 _aEmployment legislation
260 _c1999
350 _a0
490 _aTimes
_v1 June 1999, 39(1)
520 _aChanges in employment legislation will make it harder for firms to sack employees. As of 1 June 1999, the qualifying period for unfair dismissal claims is reduced from 2 years to 1 year and the compensation cap is raised from £12,000 to £50,000.
650 _aCOMPENSATION CLAIMS
650 _aEMPLOYEES RIGHTS
650 _aEMPLOYEES
650 _aEMPLOYMENT LAW
650 _aUNFAIR DISMISSAL
690 _aLAW
942 _n0
948 _c02/06/1999
999 _c59388
_d59388